000 00465nam a22001697a 4500
005 20251108164729.0
008 250721s1986 xx 000 0 ara d
082 1 4 _a808/مصط
100 1 _aالرافعي، مصطفى
245 1 0 _aفنون صناعة الكتابة /
264 1 _aبيروت :
_bدار الجيل،
_c1986.
300 _a254ص
650 1 7 _aالكتابة
700 1 _aجيده، عبد الحميد
942 _2ddc
_cBK
999 _c12928
_d12928